000 00372 a2200169 4500
001 191117
020 _a978-85-7153-306-6
040 _cMagnum
100 _aMargarida, Júlio
240 1 0 _aCompanhia de palhaços
_lpor
245 1 0 _aCompanhia de palhaços
300 _a52
362 0 _a2012
440 1 _aRHJ
697 _aLITERATURA INFANTO-JUVENIL
942 _cBK
999 _c191117
_d191117